000 00500nam a2200181Ia 4500
003 GCL
008 140319s9999 xx 000 0 eng d
040 _aGCL /
_cGCL
082 0 4 _a620.004.2
_bT C
100 1 _aTHOMPSON, S.
245 1 0 _aCONTROL SYSTEMS ENGINEERING AND DESIGN /
_cTHOMPSON, S.
260 _a[S.N] :
_bELBS LONGMAN ،
_c1989
300 _a364 P
650 0 4 _aالتحليل الرياضى
650 0 4 _aMECHANICS ENGINEERING
650 0 4 _aELECTRIC ENGINEERING
942 _2ddc
_cBK
999 _c19911
_d19911